Duray: egy párttá kell válni Az Együttélés elnöke a parlamenti választásokra való felkészülésről és a mozgalom elképzeléseiről

Bibliographic Details
Main Authors: Duray, Miklós, 1945-2022 (Author), Horváth, Gabriella, 1966- (Author)
Format: Article
Language:Hungarian
PhysicalDescription:Fotogr. 2
Subjects:

MARC

LEADER 00000nab a2200000 a 4500
001 vtls000643641
003 SK-MaSNL
005 20260318123644.0
008 201103c1997 xo 0 hun
015 |a SNBRB19rr/mm-uuuuu 
035 |a CL0643780 
040 |a SNKBUCL  |b slo  |c SNKBUCL  |e AACR2 
041 0 |a hun 
044 |a xo  |c SK 
080 |a 329(437.6=945.11)  |2 1981 
100 1 |a Duray, Miklós,  |d 1945-2022  |4 aut  |9 100740 
245 1 0 |a Duray: egy párttá kell válni  |b Az Együttélés elnöke a parlamenti választásokra való felkészülésről és a mozgalom elképzeléseiről  |c Miklós Duray, Gabriella Horváth 
300 |b Fotogr. 2 
650 0 7 |a strany politické maďarské  |2 snkbucl  |9 901655 
651 7 |a Slovensko  |2 SNKPHgeo  |9 14231 
655 7 |a články z novín a časopisov  |2 snkbucl  |9 267496 
700 1 |a Horváth, Gabriella,  |d 1966-  |4 aut  |9 222622 
773 0 |t Új szó  |g Roč. 50, č. 253 (4. 11. 1997), s. 5 
850 |a Slovenská národná knižnica v Martine  |a DSG001 
852 |a SNK  |b KIS3GCP 
958 |a HU 
958 |a SK 
958 |a RK 
958 |a RBX 
999 |c 2695060  |d 2696990